000 00732nam a22001937a 4500
003 OSt
005 20220922161346.0
008 220922b |||||||| |||| 00| 0 eng d
040 _cBiblioteca Lado V
082 _a750
_bC583g
100 _aCladders, Johannes
245 _aGráfica de los años 80, Republica Federal de Alemania/
_bConcepcion y Composición 1986-1990/
260 _aAlemania
_bInstituto para relaciones con el extranjero Stuttgart
_c1991
300 _a140p.
_bcon imágenes a color
_c15x24cm
650 _2Tesauro de Arte & Arquitectura
_aARTE
650 _2Tesauro de Arte & Arquitectura
_aPINTURA
650 _2Tesauro de Arte & Arquitectura
_aCOMPILADO
942 _2ddc
_c1
_h750
_iC583g
_n0
999 _c2108
_d2108